Text book of Front office Management &Operations (Record no. 418695)

MARC details
000 -LEADER
fixed length control field 00366nam a2200157Ia 4500
008 - FIXED-LENGTH DATA ELEMENTS--GENERAL INFORMATION
fixed length control field 230605s2008 xx 000 0 und d
041 ## - LANGUAGE CODE
Language code of text/sound track or separate title eng
100 ## - MAIN ENTRY--PERSONAL NAME
Personal name Andrews
245 ## - TITLE STATEMENT
Title Text book of Front office Management &Operations
260 ## - PUBLICATION, DISTRIBUTION, ETC.
Name of publisher, distributor, etc. Tata Mc Garth
Date of publication, distribution, etc. 2008
300 ## - PHYSICAL DESCRIPTION
Extent 463
365 ## - TRADE PRICE
Price amount 276
Tax rate 1 15
500 ## - GENERAL NOTE
General note 1830
520 ## - SUMMARY, ETC.
Summary, etc. General
650 ## - SUBJECT ADDED ENTRY--TOPICAL TERM
Topical term or geographic name entry element F.O.

No items available.